Central Library OPAC University of Rajshahi

Cultural policy in Sri Lanka / (Record no. 33664)

MARC details
000 -LEADER
fixed length control field 00800nam a2200277 4500
001 - CONTROL NUMBER
control field 33664
003 - CONTROL NUMBER IDENTIFIER
rucl marc code BD-RjUL
005 - DATE AND TIME OF LATEST TRANSACTION
control field 20211209052036.0
008 - FIXED-LENGTH DATA ELEMENTS--GENERAL INFORMATION
fixed length control field 140510s1972 fr a b i000 0 eng
020 ## - INTERNATIONAL STANDARD BOOK NUMBER
International Standard Book Number 9231010042
035 ## - SYSTEM CONTROL NUMBER
System control number (BD-RjUL)33755
040 ## - CATALOGING SOURCE
Original cataloging agency DLC
Transcribing agency DLC
Modifying agency DLC
-- BD-RjUL
Language of cataloging eng
041 ## - LANGUAGE CODE
Language code of text/sound track or separate title eng
082 00 - DEWEY DECIMAL CLASSIFICATION NUMBER
Classification number 338.4770095493
Author mark and year BAC 1972
100 1# - MAIN ENTRY--PERSONAL NAME
Personal name Bandara, H. H.
9 (RLIN) 102213
245 10 - TITLE STATEMENT
Title Cultural policy in Sri Lanka /
Statement of responsibility, etc. H. H. Bandara.
260 ## - PUBLICATION, DISTRIBUTION, ETC. (IMPRINT)
Place of publication, distribution, etc. Paris :
Name of publisher, distributor, etc. Unesco,
Date of publication, distribution, etc. c1972.
300 ## - PHYSICAL DESCRIPTION
Pagination 70 p. :
Illustrations ill. ;
Size 25 cm.
350 ## - PRICE (NR) (BK AM CF MU VM SE) [OBSOLETE]
Price $2.00 (U.S.)
504 ## - BIBLIOGRAPHY, ETC. NOTE
Bibliography, etc Includes bibliographical references.
651 #0 - SUBJECT ADDED ENTRY--GEOGRAPHIC NAME
Geographic name Sri Lanka
General subdivision Cultural policy.
9 (RLIN) 102215
942 ## - ADDED ENTRY ELEMENTS (KOHA)
Source of classification or shelving scheme Dewey Decimal Classification
Koha item type Books
Holdings
Lost status Source of classification or shelving scheme Damaged status Not for loan Collection code Permanent Location Current Location Shelving location Date acquired Source of acquisition Total Checkouts Full call number Date last seen Copy number Koha item type
  Dewey Decimal Classification   Not For Loan Non-fiction Central Library, University of Rajshahi Central Library, University of Rajshahi Reading Room 02/12/1981 UNESCO   338.4770095493 BAC 1972 10/05/2014 C-1 Books